The Acts then and now (Record no. 8456)
[ view plain ]
| 000 -LEADER | |
|---|---|
| fixed length control field | 00680nam a2200253 4500 |
| 001 - CONTROL NUMBER | |
| control field | 749527 |
| 003 - CONTROL NUMBER IDENTIFIER | |
| control field | OSt |
| 005 - DATE AND TIME OF LATEST TRANSACTION | |
| control field | 20191031160654.0 |
| 008 - FIXED-LENGTH DATA ELEMENTS--GENERAL INFORMATION | |
| fixed length control field | 731108s1973 ilu 000 0 eng |
| 010 ## - LIBRARY OF CONGRESS CONTROL NUMBER | |
| LC control number | 72096738 |
| 020 ## - INTERNATIONAL STANDARD BOOK NUMBER | |
| International Standard Book Number | 0882072390 |
| 040 ## - CATALOGING SOURCE | |
| Original cataloging agency | DLC |
| Transcribing agency | DLC |
| Modifying agency | m.c. |
| -- | CDC |
| 092 ## - LOCALLY ASSIGNED DEWEY CALL NUMBER (OCLC) | |
| Classification number | 226.6 |
| Item number | J17A |
| 100 1# - MAIN ENTRY--PERSONAL NAME | |
| Personal name | Jacobsen, Henry, |
| Dates associated with a name | 1908- |
| 245 14 - TITLE STATEMENT | |
| Title | The Acts then and now |
| 260 ## - PUBLICATION, DISTRIBUTION, ETC. | |
| Place of publication, distribution, etc. | [Wheaton, Ill.] |
| Name of publisher, distributor, etc. | Victor Books |
| Date of publication, distribution, etc. | [1973] |
| 300 ## - PHYSICAL DESCRIPTION | |
| Extent | 224 p. |
| Dimensions | 18 cm |
| 490 1# - SERIES STATEMENT | |
| Series statement | An Input book |
| 490 1# - SERIES STATEMENT | |
| Series statement | James T. Jeremiah collection |
| 630 00 - SUBJECT ADDED ENTRY--UNIFORM TITLE | |
| Uniform title | Bible. |
| Name of part/section of a work | Acts |
| General subdivision | Criticism, interpretation, etc |
| 830 #0 - SERIES ADDED ENTRY--UNIFORM TITLE | |
| Uniform title | Input book |
| 830 #0 - SERIES ADDED ENTRY--UNIFORM TITLE | |
| Uniform title | James T. Jeremiah collection |
| 942 ## - ADDED ENTRY ELEMENTS (KOHA) | |
| Source of classification or shelving scheme | Dewey Decimal Classification |
| Koha item type | Books |
| Withdrawn status | Lost status | Source of classification or shelving scheme | Damaged status | Not for loan | Collection code | Home library | Current library | Date acquired | Total Checkouts | Full call number | Barcode | Date last seen | Price effective from | Koha item type |
|---|---|---|---|---|---|---|---|---|---|---|---|---|---|---|
| Dewey Decimal Classification | Non-fiction | Harvest Mission College | Harvest Mission College | 01.11.2019 | 226.607 J17A | 009740 | 01.11.2019 | 01.11.2019 | Books |
